Rozpoznávanie predmetov pre čistiaci robot na báze vizuálneho systému

Na minha lista:
Detalhes bibliográficos
Autor principal: Hetnerovič, Branislav (Author)
Outros Autores: Duchoň, František (Thesis advisor)
Formato: Manuscrito Livro
Idioma:eslovaco
Publicado em: Bratislava : STU v Bratislave FEI, 2023
Assuntos:
Acesso em linha:https://opac.crzp.sk/?fn=detailBiblioFormChildC5I5J&sid=08878EB2E7E37CD0999A70C0752B&seo=CRZP-detail-kniha
Tags: Adicionar Tag
Sem tags, seja o primeiro a adicionar uma tag!

MARC

LEADER 00000ntm a22000003a 4500
001 stuzp91964
003 SK-STU
005 20241120122810.8
007 ta
008 150427s2015----xo-----f-mn---000-0-slo-d
040 |a STU  |b slo 
041 0 |a slo 
044 |a xo 
100 1 |a Hetnerovič, Branislav  |u 031000  |4 aut  |U FEI Fakulta elektrotechniky a informatiky  |T FEI Ústav robotiky a kybernetiky  |X 111976  |U E011  |Y 356  |7 111976 
242 0 1 |a Object Recognition for a Cleaning Robot Based on a Visual System  |y eng 
245 1 0 |a Rozpoznávanie predmetov pre čistiaci robot na báze vizuálneho systému 
260 |a Bratislava :  |b STU v Bratislave FEI,  |c 2023 
300 |a 48 s. 
650 4 |a Konvolučná  |2 slo 
650 4 |a Robot  |2 slo 
650 4 |a Odpadky  |2 slo 
650 4 |a Augmentácia  |2 slo 
650 4 |a Waste  |2 eng 
650 4 |a Convolutional  |2 eng 
650 4 |a Robot  |2 eng 
650 4 |a Augmentation  |2 eng 
700 1 |a Duchoň, František  |u 031000  |k Z1  |4 ths  |U FEI Fakulta elektrotechniky a informatiky  |T FEI Ústav robotiky a kybernetiky  |X 10329  |U E011  |Y 356  |7 A000010329 
856 4 |u https://opac.crzp.sk/?fn=detailBiblioFormChildC5I5J&sid=08878EB2E7E37CD0999A70C0752B&seo=CRZP-detail-kniha